| 000 | 00830nam a22002297a 4500 | ||
|---|---|---|---|
| 001 | BD-DhSAU 202 | ||
| 003 | BD-DhSAU | ||
| 005 | 20140804124759.0 | ||
| 008 | 140804b ii a|||| |||| 001 0 eng d | ||
| 020 | _a8183242200 (V-1) | ||
| 040 | _cBD-DhSAU | ||
| 082 |
_222 _a630.30/ SEI |
||
| 100 | _aSethuraman, G, | ||
| 245 |
_aInternational encyclopaedia of agricultural science and technology: _bSustainable agriculture/ _cG. Sethuraman and Srinivasa Naidu |
||
| 260 |
_aNew Delhi, India: _bMittal Publication; _c2008. |
||
| 300 |
_av, 263 p. : _bill. ; _c21 cm. |
||
| 504 | _aIncludes index. | ||
| 650 | _aAgriculture | ||
| 650 | _aAgriculture-encyclopaedia | ||
| 700 | _aNaidu, Srinivasa | ||
| 856 | _uhttp://books.google.com.bd/books?id=RbKaPwAACAAJ&dq=8183242200&hl=en&sa=X&ei=nivfU7m8Ncy9uAT5n4LYCQ&redir_esc=y | ||
| 942 |
_2ddc _cBOOK |
||
| 999 |
_c202 _d202 |
||